000 00253nam a2200109Ia 4500
082 _a621.381
_bGUP
100 _aGupta,J.B
245 _aFundamentals analog electronics
260 _bS.K. Kataria & SONS
_aN.Delhi
_c2011
300 _a459p.
942 _2ddc
_cBK
999 _c5747
_d5747